000 00757nam a2200229Ia 4500
999 _c44294
_d44294
001 11052
003 GE_BSU
005 20240513125318.0
008 181216s2008||||enk|||||||||||||| ||eng||
020 _a9780226092812x
040 _cGE_BSU
080 _a027.54(100) C-18
100 _aCampbell, James W.P
_922066
245 4 _aThe Library A WORLD HISTORY.
_cPhotographs by Will Pryce.
264 _aChina:
_bThe University of Chicago Press,
_c2008.
300 _a328 p;
_bill;
_c30cm.
520 _aშემოსულია ტემპუსის პროექტით.
653 _aThe Library A WORLD HISTORY.
653 _aტემპუსის პროექტით
700 _aPryce, Will
_eფოტო
_922067
942 _cBK
_2udc